Statystyki dla Największe miasta woj Mazowieckiego na daną litere

Kliknij tutaj aby rozwiązać quiz!

Ogólne statystyki

  • Ten quiz został rozwiązany 251 razy
  • Średni wynik to 16 z 30

Statystyki odpowiedzi

LiteraMiasto% Poprawnych
WWarszawa
96%
RRadom
84%
A( nie ma ) wpisz ,,a"a
78%
Ó ( nie ma )a
78%
Ń( nie ma )a
78%
Ą( nie ma ) wpisz ,,a"a
78%
Ś ( nie ma )a
78%
U ( nie ma )a
78%
F ( nie maa
78%
Ę ( nie ma )a
78%
E ( nie ma )a
78%
Ć ( nie ma )a
78%
PPłock
77%
SSiedlce
66%
OOstrołęka
59%
LLegionowo
54%
CCiechanów
50%
MMińsk Mazowiecki
50%
GGrodzisk Mazowiecki
42%
ZZąbki
40%
ŁŁomianki
35%
NNowy Dwór Mazowiecki
35%
HHalinów
23%
JJózefów
23%
BBrwinów
22%
KKobyłka
21%
IIłża
19%
TTłuszcz
19%
DDrobin
14%
ŻŻyradów
5%

Rozkład punktacji

Percentyl według liczby udzielonych odpowiedzi

Procent ludzi z każdym wynikiem

Twoja historia wyników

Nie rozwiązałeś tego quizu